000
00285nam a22001337a 4500
008
181023b xxu||||| |||| 00| 0 eng d
020
_a
9781551113609
041
_a
eng
080
_a
101
100
_a
24
101
_a
FIL
245
_a
First Philosophy
_c
Bailey,A
942
_2
udc
_c
BK
999
_c
50651
_d
50651